Statistics for European Capitals Closest to Washington DC

Click here to take the quiz!

General Stats

  • This quiz has been taken 80 times
    (78 since last reset)
  • The average score is 14 of 20

Answer Stats

kmcapitalmi% Correct
5448Dublin3385
95%
4524Reykjavik2811
94%
5741Lisbon3567
91%
5904London3668
88%
6094Madrid3786
86%
6171Paris3835
82%
6222Brussels3866
79%
6196Amsterdam3850
76%
6239Oslo3877
70%
6392Luxembourg3972
65%
6717Berlin4174
62%
6604Bern4104
61%
6518Copenhagen4050
61%
6643Stockholm4128
61%
6736Vaduz4186
58%
6906Prague4291
52%
6393Andorra la Vella3973
50%
6763Monaco4202
47%
6938Helsinki4311
44%
6972Tallinn4332
35%

Score Distribution

Percentile by Number Answered

Percent of People with Each Score

Your Score History

You have not taken this quiz since the last reset